Rentabilita vložených prostředků a podniková rizika ve finančním rozhodování. 3.
Pohyb cien akcií vo vzťahu k zmenám na trhu. Koeficient beta portfolia ako miera premenlivosti tržnej ceny akcie vo vzťahu k priemernej cene akcie.
Enregistré dans:
| Auteur principal: | |
|---|---|
| Format: | Chapitre de livre |
| Langue: | tchèque |
| Sujets: | |
| Tags: |
Pas de tags, Soyez le premier à ajouter un tag!
|
MARC
| LEADER | 00000naa a2200000 4500 | ||
|---|---|---|---|
| 001 | r002862 | ||
| 005 | 20220819181105.0 | ||
| 041 | 0 | |a cze | |
| 044 | |a [CS] | ||
| 245 | 1 | 0 | |a Rentabilita vložených prostředků a podniková rizika ve finančním rozhodování. 3. |c Marie Míková |
| 520 | |a Pohyb cien akcií vo vzťahu k zmenám na trhu. Koeficient beta portfolia ako miera premenlivosti tržnej ceny akcie vo vzťahu k priemernej cene akcie. | ||
| 610 | 2 | 0 | |a rozhodovanie |
| 610 | 2 | 0 | |a riziko |
| 610 | 2 | 0 | |a rentabilita |
| 610 | 2 | 0 | |a akcie |
| 610 | 2 | 0 | |a ceny |
| 610 | 2 | 0 | |a mechanizmus trhový |
| 610 | 2 | 0 | |a hospodárenie finančné |
| 610 | 2 | 0 | |a ceny priemerné |
| 100 | 1 | |a Míková, Marie | |